00485nam a2200145Ia 4500008004100000041000800041082001200049100001600061245004500077260003900122300003100161365001100192999001700203952011900220240624s9999 xx 000 0 und d aeng a920 PIT aPITRODA SAM aDREAMING BIG MY JOURNEY TO CONNECT INDIA c2015aNew DelhibPortfolio Penguin axii, : 331 : p. : cm. ; 24 cRSb30 c26820d26820 00104070aIMTNbIMTNcRack 42-Bd2016-03-01eVBCg699.00o920 PITp26820r2024-06-24 00:00:00t1w2024-06-24yBK